[Event "39th TCh-GRE"]
[Site "Eretria GRE"]
[Date "2011.07.05"]
[Round "4.2"]
[White "Papathanasiou, Elisavet"]
[Black "Serefidou, Despina"]
[Result "1-0"]
[WhiteElo "1884"]
[BlackElo "1705"]
[WhiteTeam "Chess Academy Thes. Galaxias"]
[BlackTeam "CC Kavala"]
[WhiteFideId "4222687"]
[BlackFideId "4218787"]
[EventDate "2011.07.03"]

1. e4 e5 2. Nc3 Nc6 3. f4 d6 4. Nf3 Bg4 5. Bc4 Qd7 6. h3 Bxf3 7. Qxf3 O-O-O 8.
d3 g6 9. Be3 Bg7 10. O-O-O Nge7 11. Nd5 Kb8 12. Qf2 Nc8 13. Bb5 Nb6 14. Nb4 Bf8
15. fxe5 dxe5 16. Nxc6+ bxc6 17. Ba6 f5 18. d4 Qe6 19. dxe5 Bg7 20. Qh4 Qe8 21.
Rxd8+ Qxd8 22. Qxd8+ Rxd8 23. exf5 gxf5 24. Rf1 1-0

[Event "39th TCh-GRE"]
[Site "Eretria GRE"]
[Date "2011.07.05"]
[Round "4.2"]
[White "Pavlidis, Antonios"]
[Black "Galopoulos, Nikolaos"]
[Result "1-0"]
[WhiteTitle "IM"]
[WhiteElo "2420"]
[BlackElo "2327"]
[WhiteTeam "CC Kavala"]
[BlackTeam "Chess Academy Thes. Galaxias"]
[WhiteFideId "4212312"]
[BlackFideId "4208951"]
[EventDate "2011.07.03"]

1. e4 c5 2. Nf3 d6 3. d4 cxd4 4. Nxd4 Nf6 5. Nc3 a6 6. Bg5 e6 7. f4 Qc7 8. Qe2
b5 9. a3 Nbd7 10. O-O-O Be7 11. g4 Rb8 12. Bg2 h6 13. Bh4 b4 14. axb4 Rxb4 15.
Rhe1 g5 16. e5 gxh4 17. exf6 Nxf6 18. g5 hxg5 19. fxg5 Nh5 20. Nd5 exd5 21. Nc6
Rb7 22. Nxe7 Qxe7 23. Qxa6 Be6 24. Qa8+ Qd8 25. Qxb7 Qxg5+ 26. Kb1 1-0

[Event "39th TCh-GRE"]
[Site "Eretria GRE"]
[Date "2011.07.05"]
[Round "4.2"]
[White "Vasiliadis, Antony"]
[Black "Tsolakidou, Stavroula"]
[Result "0-1"]
[WhiteElo "1634"]
[BlackElo "1803"]
[WhiteTeam "Chess Academy Thes. Galaxias"]
[BlackTeam "CC Kavala"]
[WhiteFideId "2917513"]
[BlackFideId "4264312"]
[EventDate "2011.07.03"]

1. e4 c5 2. Nc3 Nc6 3. f4 g6 4. Nf3 Bg7 5. Bb5 Nd4 6. O-O a6 7. Bc4 e6 8. d3 b5
9. Bb3 d6 10. Qe1 Ne7 11. Qh4 b4 12. Nd1 Ne2+ 13. Kh1 Nxc1 14. Rxc1 O-O 15. c3
a5 16. Ne3 a4 17. Bd1 a3 18. b3 bxc3 19. g4 Nc6 20. Be2 Qxh4 21. Nxh4 Nb4 22.
Nc2 Nxa2 23. Ra1 Nb4 24. Nxb4 cxb4 25. Rfc1 Bb7 26. Kg1 Bd4+ 27. Kf1 c2 28. Ra2
Rfc8 0-1

[Event "39th TCh-GRE"]
[Site "Eretria GRE"]
[Date "2011.07.05"]
[Round "4.3"]
[White "Bologan, Viktor"]
[Black "Ragger, Markus"]
[Result "1/2-1/2"]
[WhiteTitle "GM"]
[BlackTitle "GM"]
[WhiteElo "2678"]
[BlackElo "2651"]
[WhiteTeam "Chess Union Amfissa"]
[BlackTeam "HRC Korydallos"]
[WhiteFideId "13900048"]
[BlackFideId "1610856"]
[EventDate "2011.07.03"]

1. d4 d5 2. c4 c6 3. Nf3 Nf6 4. Qb3 dxc4 5. Qxc4 Bg4 6. Nbd2 e6 7. g3 Nbd7 8.
Bg2 Be7 9. O-O O-O 10. Ne5 Bh5 11. Nb3 a5 12. Bg5 Nxe5 13. dxe5 Nd7 14. Bxe7
Qxe7 15. f4 Rfd8 16. Rfd1 a4 17. Nd4 Nb6 18. Qc3 Nd5 19. Bxd5 Rxd5 20. Rd2 Rad8
21. e4 R5d7 22. Rc1 Bg6 23. Qe3 Qb4 24. Rcd1 h6 25. a3 Qc4 26. g4 Bxe4 27. Qxe4
c5 28. Rc2 Qd5 29. Qe2 cxd4 30. Qd3 Qb3 31. Qxb3 axb3 32. Rc4 g5 33. Kf2 gxf4
34. Kf3 d3 35. Rxf4 d2 36. Ke2 Rd3 37. Rb4 Rh3 38. Rxb7 Rd5 39. a4 Rxh2+ 40. Ke3
Rh3+ 41. Ke2 Rh2+ 42. Ke3 Rxe5+ 43. Kd3 Rd5+ 44. Kc4 Rh4 45. Kxb3 Rxg4 46. Rb5
Rd6 47. a5 Rgd4 48. Kc3 Rd8 49. b4 R4d7 50. a6 Ra7 51. Ra5 Rc7+ 52. Kb2 Rb8 53.
Kb3 Rd7 54. b5 e5 55. a7 Ra8 56. b6 e4 57. Kb4 Rb7 58. Kb5 e3 59. Ka6 Rxb6+ 60.
Kxb6 e2 61. Raa1 exd1=Q 62. Rxd1 Kg7 63. Kb7 Rxa7+ 64. Kxa7 Kg6 65. Rxd2 h5 66.
Kb6 Kf5 67. Kc5 h4 68. Kd4 Kf4 69. Rf2+ Kg3 70. Ke3 h3 71. Rxf7 Kg2 72. Rg7+ Kf1
73. Rh7 Kg2 74. Ke2 h2 75. Rg7+ Kh1 76. Kf2 1/2-1/2

[Event "39th TCh-GRE"]
[Site "Eretria GRE"]
[Date "2011.07.05"]
[Round "4.3"]
[White "Antoniewski, Rafal"]
[Black "Georgakopoulos, Nikolaos"]
[Result "1-0"]
[WhiteTitle "GM"]
[WhiteElo "2586"]
[BlackElo "2283"]
[WhiteTeam "HRC Korydallos"]
[BlackTeam "Chess Union Amfissa"]
[WhiteFideId "1111078"]
[BlackFideId "4210891"]
[EventDate "2011.07.03"]

1. e4 c5 2. Nf3 e6 3. b3 a6 4. Bb2 Nc6 5. g3 d6 6. Bg2 Nf6 7. Qe2 Be7 8. O-O O-O
9. e5 dxe5 10. Nxe5 Nd4 11. Qd1 Qc7 12. Re1 Rd8 13. a4 Nd7 14. Nc4 Bf6 15. Nc3
Nb6 16. Ne3 g6 17. a5 Nd7 18. Nc4 Rb8 19. d3 Bg7 20. Ne2 Ne5 21. Nxd4 cxd4 22.
Nb6 Nc6 23. Qd2 Bd7 24. Nxd7 Rxd7 25. Ra4 Na7 26. Rc4 Qd8 27. Ba3 Bf8 28. Bxf8
Kxf8 29. Re5 Kg8 30. h4 Qe7 31. h5 Qf6 32. Rec5 Qd8 33. Qf4 Ra8 34. Rc7 Rxc7 35.
Rxc7 Qf8 36. Rxb7 Nb5 37. Rxb5 axb5 38. Bxa8 Qxa8 39. h6 Qxa5 40. Qb8+ 1-0

[Event "39th TCh-GRE"]
[Site "Eretria GRE"]
[Date "2011.07.05"]
[Round "4.3"]
[White "Zygouris, Hristos"]
[Black "Tsiamis, Konstantinos"]
[Result "1/2-1/2"]
[BlackTitle "FM"]
[WhiteElo "2240"]
[BlackElo "2262"]
[WhiteTeam "Chess Union Amfissa"]
[BlackTeam "HRC Korydallos"]
[WhiteFideId "4200292"]
[BlackFideId "4204905"]
[EventDate "2011.07.03"]

1. c4 Nf6 2. g3 g6 3. Bg2 d5 4. cxd5 Nxd5 5. Nc3 Nb6 6. d3 Bg7 7. Be3 O-O 8. Qd2
Re8 9. Bh6 Bh8 10. h4 N8d7 11. h5 Nf6 12. hxg6 hxg6 13. Nf3 e5 14. Bg5 Bg7 15.
Rc1 c6 16. b4 Nbd5 17. Ne4 Qe7 18. Rc4 Nxe4 19. Rxe4 Qd6 20. Reh4 f5 21. Bh6 Bf6
22. Bg5 Bg7 23. Bh6 Bf6 24. Bg5 Bg7 25. Bh6 1/2-1/2

[Event "39th TCh-GRE"]
[Site "Eretria GRE"]
[Date "2011.07.05"]
[Round "4.3"]
[White "Ikonomopoulou, Maria"]
[Black "Havlikova, Kristyna"]
[Result "1-0"]
[WhiteTitle "WFM"]
[BlackTitle "WIM"]
[WhiteElo "2102"]
[BlackElo "2280"]
[WhiteTeam "HRC Korydallos"]
[BlackTeam "Chess Union Amfissa"]
[WhiteFideId "4209958"]
[BlackFideId "309672"]
[EventDate "2011.07.03"]

1. e4 c5 2. Nf3 d6 3. d4 cxd4 4. Nxd4 Nf6 5. Nc3 a6 6. Bg5 Nbd7 7. Qd2 e6 8. f4
Qc7 9. O-O-O Be7 10. g4 h6 11. Bxf6 Nxf6 12. Rg1 g6 13. f5 g5 14. fxe6 fxe6 15.
Kb1 Bd7 16. Rg3 Rg8 17. Bg2 Rc8 18. h3 b5 19. a3 Qc5 20. Nb3 Qe5 21. Rd3 h5 22.
Qe2 hxg4 23. hxg4 Rh8 24. Rh1 Kf7 25. Rf1 Kg7 26. Nd2 a5 27. Nf3 Qf4 28. e5 Nxg4
29. exd6 Bf6 30. Nd2 Qe5 31. Qxg4 Rh4 32. Qe2 1-0

[Event "39th TCh-GRE"]
[Site "Eretria GRE"]
[Date "2011.07.05"]
[Round "4.3"]
[White "Habesi, Anastasia"]
[Black "Selianiti, Eleana"]
[Result "1-0"]
[WhiteElo "1687"]
[BlackElo "1678"]
[WhiteTeam "Chess Union Amfissa"]
[BlackTeam "HRC Korydallos"]
[WhiteFideId "4221311"]
[BlackFideId "4235860"]
[EventDate "2011.07.03"]

1. e4 e5 2. Nf3 Nc6 3. Nc3 Nf6 4. g3 Bc5 5. Bg2 d6 6. d3 a6 7. h3 h6 8. Bd2 Be6
9. a3 Qd7 10. Qe2 O-O 11. O-O-O Nd4 12. Nxd4 Bxd4 13. f4 Qe7 14. f5 Bd7 15. g4
Nh7 16. h4 f6 17. Rh3 a5 18. Rdh1 c6 19. Rg3 Bxc3 20. Bxc3 Qf7 21. Bf3 Rfc8 22.
Qh2 Be8 23. g5 Qa2 24. gxh6 Rc7 25. Rhg1 Nf8 26. Rxg7+ Rxg7 27. Rxg7+ Kh8 28.
Qg2 b5 29. Rh7+ 1-0

[Event "39th TCh-GRE"]
[Site "Eretria GRE"]
[Date "2011.07.05"]
[Round "4.3"]
[White "Pramateftaki, Aspasia"]
[Black "Tsamantani, Eleni-Marina"]
[Result "1-0"]
[WhiteElo "1360"]
[BlackElo "1389"]
[WhiteTeam "HRC Korydallos"]
[BlackTeam "Chess Union Amfissa"]
[WhiteFideId "4219295"]
[BlackFideId "4249810"]
[EventDate "2011.07.03"]

1. e4 d5 2. exd5 Qxd5 3. Nc3 Qd6 4. d4 Nf6 5. Nf3 a6 6. Bd3 Nc6 7. O-O Nxd4 8.
Nxd4 e6 9. Nf3 Be7 10. Bg5 O-O 11. Bxf6 Bxf6 12. Ne4 Qe7 13. Nxf6+ Qxf6 14. c3
Rd8 15. Qc2 g6 16. Rfe1 Bd7 17. Ne5 Be8 18. Rad1 Qg7 19. Qb3 Rd5 20. Qxb7 Rad8
21. Qxc7 f6 22. Qxg7+ Kxg7 23. Nxg6 hxg6 24. Bc2 Rd2 25. Rxd2 Rxd2 26. Rc1 Bb5
27. h3 Kf7 28. a4 Be2 29. b4 Bc4 30. a5 g5 31. g4 Kg7 32. Kg2 Bd5+ 33. Kf1 Bc4+
34. Kg1 Re2 35. Kg2 Bd5+ 36. Kg3 Rd2 37. f3 Kf7 38. Bb1 Bc4 39. Re1 Bd5 40. Re3
Rd1 41. Bd3 Bb7 42. c4 Ra1 43. c5 Ra4 44. Bc4 Rxb4 45. Bxe6+ Kg7 46. Rb3 Rxb3
47. Bxb3 Bc6 48. f4 Kg6 49. Bc2+ Kh6 50. fxg5+ fxg5 51. h4 Bb7 52. Ba4 Bd5 53.
c6 Be6 54. c7 Bc8 55. hxg5+ Kxg5 56. Bc6 Kg6 57. Kf4 Kf6 58. g5+ Kg6 59. Ke5
Kxg5 60. Kd6 1-0

[Event "39th TCh-GRE"]
[Site "Eretria GRE"]
[Date "2011.07.05"]
[Round "4.3"]
[White "Megalios, Konstantinos"]
[Black "Noutsos, Stamoulis"]
[Result "1-0"]
[WhiteElo "2008"]
[BlackElo "1771"]
[WhiteTeam "Chess Union Amfissa"]
[BlackTeam "HRC Korydallos"]
[WhiteFideId "4238044"]
[BlackFideId "4236467"]
[EventDate "2011.07.03"]

1. d4 d5 2. c4 c6 3. Nf3 Nf6 4. e3 Bg4 5. Qb3 Qb6 6. Nc3 Qxb3 7. axb3 Nbd7 8.
Be2 e6 9. O-O Bd6 10. c5 Bc7 11. b4 O-O 12. b5 e5 13. bxc6 bxc6 14. Ra6 Nb8 15.
Ra4 e4 16. Ne1 Bxe2 17. Nxe2 a5 18. Bd2 Na6 19. Nc2 Rab8 20. Bc3 Rb7 21. Rfa1
Rfb8 22. Nc1 h5 23. b3 Nd7 24. Bxa5 Bxa5 25. Rxa5 Nc7 26. b4 Kf8 27. Nb3 Nb5 28.
Ra6 Rc7 29. Ra8 Ke7 30. Rxb8 Nxb8 31. Ra8 Nd7 32. Na5 g6 33. Ra6 Nb8 34. Rb6 Rc8
35. Rxb8 1-0

[Event "39th TCh-GRE"]
[Site "Eretria GRE"]
[Date "2011.07.05"]
[Round "4.3"]
[White "Capone, Nicola"]
[Black "Oikonomou, Panagiotis Ch."]
[Result "1-0"]
[WhiteElo "2005"]
[BlackElo "1496"]
[WhiteTeam "HRC Korydallos"]
[BlackTeam "Chess Union Amfissa"]
[WhiteFideId "224715"]
[BlackFideId "4274180"]
[EventDate "2011.07.03"]

1. e4 c6 2. d4 d5 3. Nc3 dxe4 4. Nxe4 Bf5 5. Ng3 Bg6 6. f4 h6 7. Nf3 Nd7 8. Bc4
e6 9. Qe2 Be7 10. O-O Ngf6 11. Re1 Nd5 12. Bd2 N7b6 13. Bb3 Nc8 14. c4 Nf6 15.
d5 exd5 16. f5 Bh7 17. cxd5 O-O 18. dxc6 Qb6+ 19. Be3 Qxc6 20. Ne5 Qe8 21. Ng6
Bxg6 22. fxg6 Nd6 23. Bc5 Qc6 24. Rac1 Bd8 25. gxf7+ Kh8 26. Kh1 Qd7 27. Rcd1
Bc7 28. Qd3 Rad8 29. Qg6 Qg4 30. Qxg4 Nxg4 31. h3 Nf6 32. Re7 Rd7 33. Rxd7 Nxd7
34. Bxd6 Bxd6 35. Rxd6 Ne5 36. Rd1 Nxf7 37. Rf1 Kg8 38. Ne4 1-0

[Event "39th TCh-GRE"]
[Site "Eretria GRE"]
[Date "2011.07.05"]
[Round "4.4"]
[White "Argiroudis, Stamatis"]
[Black "Postny, Evgeny"]
[Result "0-1"]
[BlackTitle "GM"]
[WhiteElo "2308"]
[BlackElo "2618"]
[WhiteTeam "OS Triandria"]
[BlackTeam "Heraklion CC"]
[WhiteFideId "4202210"]
[BlackFideId "2804344"]
[EventDate "2011.07.03"]

1. d4 d6 2. c4 e5 3. Nf3 e4 4. Ng5 f5 5. g3 c6 6. Nc3 Be7 7. Nh3 Nf6 8. Bg2 Na6
9. f3 d5 10. cxd5 cxd5 11. O-O Nc7 12. Bf4 Ne6 13. Be5 Bd7 14. Qb3 Qb6 15. Qxb6
axb6 16. e3 Bc6 17. Nf4 Nxf4 18. gxf4 O-O 19. Bh3 g6 20. fxe4 dxe4 21. a3 Rfc8
22. Rfc1 Kf8 23. Kf2 Be8 24. Ke1 Bf7 25. Nb5 Rc6 26. Kd2 Bc4 27. Nd6 Bxd6 28.
Bxd6+ Kf7 29. Be5 Nd5 30. Bd6 Rac8 31. Bb4 Bd3 32. Rxc6 bxc6 33. Bf1 c5 34. dxc5
bxc5 35. Bc3 Bxf1 36. Rxf1 Rd8 37. Ba5 Rd7 38. Ke2 Rb7 39. b4 cxb4 40. Bxb4 Ke6
41. Bd2 Rb2 42. Rc1 g5 0-1

[Event "39th TCh-GRE"]
[Site "Eretria GRE"]
[Date "2011.07.05"]
[Round "4.4"]
[White "Stavrianakis, Ioannis"]
[Black "Kelesiadis, Georgios"]
[Result "1-0"]
[WhiteElo "2270"]
[BlackElo "2095"]
[WhiteTeam "Heraklion CC"]
[BlackTeam "OS Triandria"]
[WhiteFideId "4208412"]
[BlackFideId "4205740"]
[EventDate "2011.07.03"]

1. d4 e6 2. c4 f5 3. Nc3 Nf6 4. Nf3 Bb4 5. e3 O-O 6. Qc2 Nc6 7. Bd3 Qe8 8. O-O
Qh5 9. Ne2 g5 10. a3 Be7 11. Ng3 Qh6 12. b4 d6 13. b5 Nd8 14. d5 f4 15. exf4
gxf4 16. dxe6 Bxe6 17. Bf5 Ng4 18. Re1 fxg3 19. Bxe6+ Nxe6 20. Bxh6 gxf2+ 21.
Kh1 fxe1=Q+ 22. Rxe1 Nxh6 23. Rxe6 Bf6 24. Qe4 Rab8 25. g4 Nxg4 26. Qxg4+ Kf7
27. Re4 Rbe8 28. Qh5+ 1-0

[Event "39th TCh-GRE"]
[Site "Eretria GRE"]
[Date "2011.07.05"]
[Round "4.4"]
[White "Berzina, Ilze"]
[Black "Markantonaki, Haritomeni"]
[Result "1-0"]
[WhiteTitle "WGM"]
[BlackTitle "WFM"]
[WhiteElo "2307"]
[BlackElo "2147"]
[WhiteTeam "OS Triandria"]
[BlackTeam "Heraklion CC"]
[WhiteFideId "11601345"]
[BlackFideId "4207050"]
[EventDate "2011.07.03"]

1. e4 e5 2. Nf3 Nc6 3. Bb5 a6 4. Ba4 Nf6 5. O-O b5 6. Bb3 Bb7 7. d3 Be7 8. a4
O-O 9. Nc3 b4 10. Nd5 Na5 11. Ba2 Bxd5 12. exd5 d6 13. c3 c5 14. d4 cxd4 15.
cxd4 e4 16. Nd2 Qb6 17. Nc4 Nxc4 18. Bxc4 a5 19. Re1 Rac8 20. b3 Rc7 21. Qd2 Qb7
22. Qg5 Qc8 23. Bd2 Ng4 24. Qf4 f5 25. f3 Nf6 26. Rac1 h6 27. Qe3 exf3 28. gxf3
Rf7 29. Qe6 Qxe6 30. dxe6 Rf8 31. Ba6 Rxc1 32. Rxc1 Ne8 33. Rc8 g5 34. Bb7 Nf6
35. Rc7 Bd8 36. Rc6 Ne8 37. Ra6 f4 38. Bd5 Be7 39. Rxa5 Nc7 40. Bc6 d5 41. Ra7
Rc8 42. Bd7 Bf6 43. Kf1 Bxd4 44. Rb7 1-0

[Event "39th TCh-GRE"]
[Site "Eretria GRE"]
[Date "2011.07.05"]
[Round "4.4"]
[White "Malikentzou, Nafsika"]
[Black "Vafiadou, Asimenia"]
[Result "0-1"]
[WhiteElo "1640"]
[BlackElo "1641"]
[WhiteTeam "Heraklion CC"]
[BlackTeam "OS Triandria"]
[WhiteFideId "4222237"]
[BlackFideId "4218914"]
[EventDate "2011.07.03"]

1. Nf3 Nf6 2. g3 d5 3. Bg2 c6 4. d4 Bg4 5. Nbd2 e6 6. Ne5 Bh5 7. O-O Nbd7 8.
Ndf3 Bd6 9. Bg5 Qc7 10. Nd3 Ne4 11. Bf4 O-O 12. Bxd6 Qxd6 13. Nfe5 Nxe5 14. Nxe5
f6 15. Bxe4 fxe5 16. dxe5 Qxe5 17. Bf3 Bxf3 18. exf3 Qf6 19. f4 Rf7 20. Qd2 Qxb2
21. Qe3 Qf6 22. Rfe1 Re7 23. Qe5 Qxe5 24. Rxe5 Kf7 25. Kf1 Ke8 26. Ke2 Kd7 27.
Kd3 Kd6 28. Rae1 g6 29. h4 Rf8 30. c4 Rf5 31. cxd5 Rxe5 32. fxe5+ Kxd5 33. Kc3
c5 34. f4 Kc6 35. g4 Rf7 36. Rf1 b5 37. h5 a5 38. hxg6 hxg6 39. Rd1 Rd7 40. Rf1
b4+ 41. Kc4 Rd4+ 42. Kb3 a4+ 43. Kc2 Kd5 44. f5 exf5 45. gxf5 gxf5 46. Rxf5 Ke6
47. Rf6+ Kxe5 48. Rc6 Rd5 49. Rc8 Kd4 50. Rg8 Kc4 51. Rg3 Kb5 52. Rg8 Kc4 53.
Rg3 Rd4 54. Rf3 Rg4 55. Kb1 b3 0-1

[Event "39th TCh-GRE"]
[Site "Eretria GRE"]
[Date "2011.07.05"]
[Round "4.4"]
[White "Dimopoulos, Dimitrios"]
[Black "Konstantinidis, Konstantinos"]
[Result "0-1"]
[WhiteElo "1946"]
[BlackElo "1943"]
[WhiteTeam "Heraklion CC"]
[BlackTeam "OS Triandria"]
[WhiteFideId "4213459"]
[BlackFideId "4216199"]
[EventDate "2011.07.03"]

1. Nf3 Nf6 2. g3 d5 3. Bg2 c6 4. O-O Bg4 5. d4 Nbd7 6. b3 e6 7. Bb2 Be7 8. c4
O-O 9. Nbd2 b5 10. Re1 bxc4 11. bxc4 Rb8 12. Bc3 h6 13. Rb1 Bf5 14. Rxb8 Qxb8
15. Qb3 Qc7 16. Ra1 Bh7 17. Ne1 Rb8 18. Qd1 c5 19. cxd5 Nxd5 20. Bxd5 exd5 21.
Ndf3 c4 22. Nc2 Qb6 23. Nd2 Qa6 24. Qc1 Qa4 25. Ne3 Ba3 26. Qd1 Qxd1+ 27. Nxd1
Kf8 28. f3 Nf6 29. e4 dxe4 30. Nxc4 Be7 31. fxe4 Nxe4 32. Ne5 Rc8 33. Ba5 f6 34.
Nf3 Rc2 35. Ne3 Re2 36. Nd5 Bd6 37. Bb4 Bxb4 38. Nxb4 Rb2 39. a3 Rb3 40. Ne1 Nd6
41. Ng2 Be4 42. Nf4 a5 43. Ne6+ Kf7 44. Nc5 Rc3 45. Nxe4 Nxe4 46. Nd5 Rd3 47.
Rb1 Rxd4 48. Rb7+ Ke6 49. Nc7+ Kf5 50. Rb5+ Kg4 51. Rxa5 Rd1+ 52. Kg2 Rd2+ 53.
Kg1 g5 54. Rd5 Ra2 55. Rd4 f5 56. Nd5 Kh3 57. Ne3 Rxa3 58. Nf1 Ra2 59. Ne3 Re2 0-1

[Event "39th TCh-GRE"]
[Site "Eretria GRE"]
[Date "2011.07.05"]
[Round "4.4"]
[White "Tsaknakis, Zisis"]
[Black "Korniotis, Filippos"]
[Result "0-1"]
[WhiteElo "1579"]
[BlackElo "1724"]
[WhiteTeam "OS Triandria"]
[BlackTeam "Heraklion CC"]
[WhiteFideId "4259963"]
[BlackFideId "4236912"]
[EventDate "2011.07.03"]

1. e4 e6 2. d4 d5 3. Nc3 Bb4 4. e5 c5 5. a3 Bxc3+ 6. bxc3 Ne7 7. Qg4 Qc7 8. Qxg7
Rg8 9. Qxh7 cxd4 10. Ne2 dxc3 11. f4 Nbc6 12. Qd3 d4 13. Nxd4 Nxd4 14. Qxd4 Bd7
15. Rg1 Nd5 16. a4 Qa5 17. Ra3 Rc8 18. g4 Nb4 19. Bd3 Bxa4 20. Rg3 b5 21. Rxc3
Nd5 22. Bd2 Nxc3 23. Bh7 Rd8 24. Bxc3 Rxd4 25. Bxa5 Rg7 26. Bd3 Rxf4 27. h3 b4
28. Bc7 Kd7 29. Bb8 a5 30. Ke2 Rd4 0-1

[Event "39th TCh-GRE"]
[Site "Eretria GRE"]
[Date "2011.07.05"]
[Round "4.5"]
[White "Nikolaidis, Ioannis"]
[Black "Nielsen, Peter Heine"]
[Result "1/2-1/2"]
[WhiteTitle "GM"]
[BlackTitle "GM"]
[WhiteElo "2545"]
[BlackElo "2681"]
[WhiteTeam "AO Kydon Chania"]
[BlackTeam "AEK"]
[WhiteFideId "4202139"]
[BlackFideId "1400355"]
[EventDate "2011.07.03"]

1. d4 d5 2. c4 e6 3. Nc3 c6 4. e3 Nf6 5. Bd2 Nbd7 6. Rc1 a6 7. a3 dxc4 8. Bxc4
b5 9. Ba2 c5 10. Nf3 Bb7 11. O-O Qb8 12. Qe2 Bd6 13. h3 O-O 14. Rfd1 Rd8 15. Be1
h6 16. dxc5 Nxc5 17. Nd4 Ncd7 18. Nb1 Bc5 19. Nb3 Bb6 20. Na5 Rc8 21. Rxc8+ Qxc8
22. Nxb7 Qxb7 23. Nd2 Rc8 24. Nf3 Qc7 25. Bb1 Nd5 26. Qd3 N7f6 27. Bd2 Rd8 28.
Qc2 Qxc2 29. Bxc2 Rc8 30. Rc1 Ne7 31. Kf1 Kf8 32. Ke2 Ke8 33. Bd3 Nd7 34. Rxc8+
Nxc8 35. Bc3 f6 36. Bc2 Nc5 37. b3 Nd6 38. Nd2 a5 39. Bd4 1/2-1/2

[Event "39th TCh-GRE"]
[Site "Eretria GRE"]
[Date "2011.07.05"]
[Round "4.5"]
[White "Kalesis, Nikolaos"]
[Black "Souleidis, Georgios"]
[Result "1-0"]
[WhiteTitle "IM"]
[BlackTitle "IM"]
[WhiteElo "2480"]
[BlackElo "2389"]
[WhiteTeam "AEK"]
[BlackTeam "AO Kydon Chania"]
[WhiteFideId "4200438"]
[BlackFideId "4206827"]
[EventDate "2011.07.03"]

1. d4 Nf6 2. c4 c5 3. d5 e6 4. Nc3 exd5 5. cxd5 Bd6 6. e4 Be5 7. Bd3 d6 8. Nf3
Bxc3+ 9. bxc3 O-O 10. O-O Re8 11. Nd2 Nbd7 12. c4 Ne5 13. Bc2 Bd7 14. f4 Ng6 15.
a4 Ng4 16. Ra3 Nf8 17. h3 Nh6 18. Nf3 f6 19. e5 fxe5 20. fxe5 dxe5 21. Bxh6 gxh6
22. Nd2 Qh4 23. Ne4 Re7 24. d6 Rg7 25. Qd5+ Kh8 26. Qxe5 Re8 27. Rg3 Ng6 28. Qc3
Be6 29. Kh2 b6 30. Bd3 Rd8 31. Rf6 Bg8 32. Rf5 Be6 33. Rg4 Bxf5 34. Rxh4 Nxh4
35. Qf6 Rg8 36. Ng3 Bxd3 37. Nh5 Bf5 38. Nxg7 Rxg7 39. Qxh4 1-0

[Event "39th TCh-GRE"]
[Site "Eretria GRE"]
[Date "2011.07.05"]
[Round "4.5"]
[White "Pavlidis, Anastasios"]
[Black "Moutousis, Konstantinos"]
[Result "1/2-1/2"]
[WhiteTitle "FM"]
[BlackTitle "IM"]
[WhiteElo "2323"]
[BlackElo "2431"]
[WhiteTeam "AO Kydon Chania"]
[BlackTeam "AEK"]
[WhiteFideId "4208404"]
[BlackFideId "4200071"]
[EventDate "2011.07.03"]

1. d4 d6 2. e4 g6 3. Nc3 Bg7 4. Be3 a6 5. h4 h5 6. Nh3 b5 7. Ng5 Nh6 8. f3 Nd7
9. Qd2 Nb6 10. a4 b4 11. Nd1 a5 12. c3 bxc3 13. bxc3 d5 14. Bd3 Ba6 15. Nb2 Bxd3
16. Qxd3 dxe4 17. fxe4 Ng4 18. O-O O-O 19. e5 Bxe5 20. Nxf7 Rxf7 21. Qxg6+ Rg7
22. Qe6+ Kh7 23. Rf5 Bh2+ 24. Kh1 Qe8 25. Rg5 Rxg5 26. Bxg5 Qg6 27. Qxe7+ Kg8
28. Rf1 Re8 29. Qc5 Qf7 30. Qb5 c6 31. Qa6 Qc7 32. Qd3 Kg7 33. Qf5 Nd5 34. c4
Bg1 35. Bf4 Nxf4 36. Rxf4 Bxd4 37. Qg5+ Kh7 38. Qf5+ Kg7 39. Qg5+ Kh7 40. Qxh5+
Nh6 41. Nd3 Re1+ 42. Nxe1 Qxf4 43. Nf3 Qc1+ 44. Kh2 Qxc4 45. Qxa5 Bf6 46. Qc7+
Kg6 47. a5 Nf5 48. a6 Nxh4 49. Qg3+ Kf7 50. Nxh4 Bxh4 51. Qc7+ Be7 52. a7 Qh4+
53. Kg1 Qa4 54. Qb7 Kf6 55. Qb2+ Ke6 56. Qe2+ Kd7 57. Qd3+ Kc7 58. Qg3+ Bd6 59.
Qg7+ Kb6 60. a8=N+ Qxa8 61. Qb2+ Kc7 62. Qg7+ Kc8 63. Qg8+ Kb7 64. Qb3+ Ka7 65.
Qa2+ Kb8 66. Qg8+ Kb7 67. Qb3+ Kc8 68. Qg8+ Kb7 69. Qb3+ Kc7 70. Qf7+ Kb6 71.
Qb3+ Kc5 72. Qc3+ Kd5 73. Qd3+ Ke6 74. Qh3+ Ke7 75. Qh4+ Ke8 76. Qh5+ Kd7 77.
Qg4+ Kc7 78. Qg7+ Kb6 79. Qb2+ Kc5 80. Qc3+ Kd5 81. Qd3+ Ke5 82. Qg3+ Ke6 83.
Qh3+ Kf6 84. Qh6+ Ke7 85. Qh4+ Kd7 86. Qg4+ Ke8 87. Qh5+ Ke7 1/2-1/2

[Event "39th TCh-GRE"]
[Site "Eretria GRE"]
[Date "2011.07.05"]
[Round "4.5"]
[White "Cmilyte, Viktorija"]
[Black "Pavlidou, Ekaterini"]
[Result "1-0"]
[WhiteTitle "GM"]
[BlackTitle "WIM"]
[WhiteElo "2528"]
[BlackElo "2220"]
[WhiteTeam "AEK"]
[BlackTeam "AO Kydon Chania"]
[WhiteFideId "12801259"]
[BlackFideId "4213262"]
[EventDate "2011.07.03"]

1. Nf3 Nf6 2. c4 e6 3. Nc3 Bb4 4. Qc2 O-O 5. a3 Bxc3 6. Qxc3 d5 7. e3 b6 8. b4
dxc4 9. Bxc4 Bb7 10. Bb2 Nbd7 11. d4 Ne4 12. Qc2 Ndf6 13. O-O Rc8 14. Ne5 c5 15.
dxc5 bxc5 16. f3 Nd6 17. b5 Qe7 18. e4 Rfd8 19. a4 Nfe8 20. Qb3 Kh8 21. Be2 c4
22. Qb4 a5 23. Qa3 f5 24. Bxc4 fxe4 25. fxe4 Nxc4 26. Rf7 Qxf7 27. Nxf7+ 1-0

[Event "39th TCh-GRE"]
[Site "Eretria GRE"]
[Date "2011.07.05"]
[Round "4.5"]
[White "Fragaki, Maria"]
[Black "Pahaki, Hristina-Despoina"]
[Result "0-1"]
[WhiteElo "1927"]
[BlackElo "1646"]
[WhiteTeam "AO Kydon Chania"]
[BlackTeam "AEK"]
[WhiteFideId "4221087"]
[BlackFideId "4238621"]
[EventDate "2011.07.03"]

1. e4 c5 2. Nf3 Nc6 3. d4 cxd4 4. Nxd4 Nf6 5. Nc3 g6 6. Be3 Bg7 7. Bc4 Qa5 8.
O-O O-O 9. Bb3 d6 10. h3 Nxd4 11. Bxd4 Be6 12. f4 a6 13. Qf3 Ne8 14. Qf2 Bxd4
15. Qxd4 Ng7 16. Kh1 Rac8 17. Rae1 Qc5 18. Qd2 b5 19. g4 Kh8 20. Nd5 Bxd5 21.
exd5 Rfe8 22. f5 Qc7 23. Qd4 Qc5 24. Qf4 Qc7 25. Qh6 Rf8 26. Re4 a5 27. Rfe1
gxf5 28. Rxe7 Qc5 29. R1e3 f4 30. g5 Nf5 31. Qf6+ Kg8 32. Qxf5 fxe3 33. c4 Qd4
34. Bc2 Qh4 35. cxb5 Qe1+ 0-1